[Event "CHI Quilpue Region-ch sf 5th"]
[Site "Quilpue"]
[Date "2014.01.08"]
[Round "1.10"]
[White "Fica Cruz, Joaquin"]
[Black "Pizarro Aura, Daniel"]
[Result "0-1"]
[WhiteElo "1712"]
[BlackElo "2063"]
[PlyCount "128"]
[EventDate "2014.01.08"]
[EventType "swiss"]
[EventRounds "9"]
[EventCountry "CHI"]
[SourceTitle "EXT 2024"]
[Source "ChessBase"]
[SourceDate "2023.10.10"]
[SourceVersion "1"]
[SourceVersionDate "2023.10.10"]
[SourceQuality "1"]

1. e4 g6 2. d4 Bg7 3. Nf3 c5 4. Nc3 Qa5 5. Be3 Nf6 6. Qd2 cxd4 7. Nxd4 Ng4 8. Nb3 Qd8 9. Bd4 f6 10. h3 Nh6 11. Bc4 Qc7 12. Bd5 Nc6 13. Be3 Nf7 14. Nb5 Qd8 15. f4 0-0 16. 0-0 a6 17. Bxf7+ Rxf7 18. Nc3 b5 19. Rad1 d6 20. Nc5 Qe8 21. Nd5 Qd8 22. Nb3 Rb8 23. Qc3 Bd7 24. Qd2 e6 25. Nc3 Bf8 26. g4 a5 27. Ne2 Qc7 28. Ng3 a4 29. Nd4 Nxd4 30. Bxd4 Rc8 31. c3 Bc6 32. Rde1 Rd8 33. Qe3 Qb7 34. Rd1 Rfd7 35. Qe2 e5 36. fxe5 dxe5 37. Bf2 Bh6 38. Rxd7 Rxd7 39. Be3 Bg7 40. g5 fxg5 41. Bxg5 Qb6+ 42. Be3 Qd8 43. Qg4 Rd6 44. Bc5 Bd7 45. Qf3 Rf6 46. Qd3 Rxf1+ 47. Nxf1 Qg5+ 48. Kh1 Bc6 49. Ne3 h5 50. Nd5 Qc1+ 51. Bg1 Kh7 52. Ne7 Bb7 53. Qe2 Bf8 54. Nd5 Bc5 55. Ne3 Bxe4+ 56. Kh2 Bc6 57. Qf2 Bxe3 58. Qf7+ Kh6 59. Qf8+ Kg5 60. h4+ Kxh4 61. Qf6+ g5 62. Bf2+ Bxf2 63. Qxf2+ Kg4 64. Qg3+ Kf5 0-1